00478 a2200157 4500020001400000050001800014100003400032245009700066250001300163264005200176300001200228500001900240650001500259650001700274700002900291 a007707643 aHD31 ROS 1999 aRosenfeld, Robert. H.eAuthor aManagig organizations :btext, readings and cases /cRobert H. Rosenfeld and David C. Wilson a2nd. ed. aLondon:bMcGraw-Hill Publishing Company,c1999. a586p. : aIncludes index aManagement aOrganization aWilson, David C.eAuthor